000 00583nam a2200181Ia 4500
003 GCL
008 140319s9999 xx 000 0 ara d
040 _aGCL /
_cGCL
082 0 4 _a414
_bا خ
100 1 _aاحمد شامية
245 1 0 _aخصائص العربية والاعجاز القرانى (فى نظرية عبدالقاهر الجرجانى اللغوية) /
_cاحمد شامية
300 _a165 ص
490 _aسلسلة المعرفة
_v0
650 0 4 _aاللغة العربية
650 0 4 _aالبلاغة
650 0 4 _aعلم الكلام
942 _2ddc
_cBK
999 _c42309
_d42309